Visual computing : (Record no. 187550)
[ view plain ]
| 000 -LEADER | |
|---|---|
| fixed length control field | 00690nam a2200229Ia 4500 |
| 003 - CONTROL NUMBER IDENTIFIER | |
| control field | OSt |
| 005 - DATE AND TIME OF LATEST TRANSACTION | |
| control field | 20251218091133.0 |
| 008 - FIXED-LENGTH DATA ELEMENTS--GENERAL INFORMATION | |
| fixed length control field | 210716s2006 xx 000 0 und d |
| 020 ## - INTERNATIONAL STANDARD BOOK NUMBER | |
| International Standard Book Number | 8184080660 |
| 040 ## - CATALOGING SOURCE | |
| Transcribing agency | AIMIT LIBRARY |
| 041 ## - LANGUAGE CODE | |
| Language code of text/sound track or separate title | eng |
| 082 ## - DEWEY DECIMAL CLASSIFICATION NUMBER | |
| Classification number | 006.37 |
| Edition number | 1 |
| Item number | NIEF |
| 100 ## - MAIN ENTRY--PERSONAL NAME | |
| Personal name | Nielsen, Frank. |
| 9 (RLIN) | 249421 |
| 245 ## - TITLE STATEMENT | |
| Title | Visual computing : |
| Remainder of title | geometry graphics and vision / |
| Statement of responsibility, etc. | By Frank Nielsen. |
| 250 ## - EDITION STATEMENT | |
| Edition statement | 1st ed. |
| 260 ## - PUBLICATION, DISTRIBUTION, ETC. | |
| Place of publication, distribution, etc. | Mumbai : |
| Name of publisher, distributor, etc. | Shroff Publishers and Distributors Pvt Ltd , |
| Date of publication, distribution, etc. | 2006. |
| 300 ## - PHYSICAL DESCRIPTION | |
| Extent | xvi,546p. ; |
| Other physical details | PB |
| Dimensions | 23.5 cm |
| 650 ## - SUBJECT ADDED ENTRY--TOPICAL TERM | |
| Topical term or geographic name entry element | Abstract data structures |
| 9 (RLIN) | 249422 |
| 650 ## - SUBJECT ADDED ENTRY--TOPICAL TERM | |
| Topical term or geographic name entry element | Meshes |
| 9 (RLIN) | 249423 |
| 650 ## - SUBJECT ADDED ENTRY--TOPICAL TERM | |
| Topical term or geographic name entry element | Animation |
| 9 (RLIN) | 249424 |
| 942 ## - ADDED ENTRY ELEMENTS (KOHA) | |
| Source of classification or shelving scheme | Dewey Decimal Classification |
| Koha item type | Book |
| Edition | 1 |
| Call number prefix | 006.37 NIEF |
| Withdrawn status | Lost status | Source of classification or shelving scheme | Damaged status | Not for loan | Collection code | Home library | Current library | Source of acquisition | Cost, normal purchase price | Inventory number | Total Checkouts | Full call number | Barcode | Date last seen | Cost, replacement price | Price effective from | Koha item type |
|---|---|---|---|---|---|---|---|---|---|---|---|---|---|---|---|---|---|
| Dewey Decimal Classification | MCA | St Aloysius Institute of Management & Information Technology | St Aloysius Institute of Management & Information Technology | Intel Book Distributors | 450.00 | Bill no:2006/CRB/0000393; Bill d | 006.37 NIEF | MCA07058 | 05/23/2026 | 360.00 | 07/16/2021 | Book |